[Event "FRA-ch U26"]
[Site "Bastia"]
[Date "2024.04.06"]
[Round "4"]
[White "Pheng, Wissam"]
[Black "Maache, Jawad"]
[Result "0-1"]
[WhiteElo "1975"]
[BlackElo "2154"]
[PlyCount "116"]
[EventDate "2024.04.06"]
[EventType "swiss"]
[EventRounds "9"]
[EventCountry "FRA"]
[SourceTitle "CB16_2024"]
[SourceDate "2024.04.17"]
[SourceVersion "1"]
[SourceVersionDate "2024.04.17"]
[SourceQuality "1"]

1. e4 d5 2. exd5 Qxd5 3. Nc3 Qa5 4. d4 Nf6 5. Nf3 Bf5 6. Ne5 c6 7. Bc4 e6 8. g4 Be4 9. 0-0 Bd5 10. Nxd5 cxd5 11. Bd3 Nbd7 12. Nxd7 Nxd7 13. Bf4 Qb6 14. c3 Bd6 15. Bxd6 Qxd6 16. Qe2 Qf4 17. Bb5 0-0-0 18. c4 Nf6 19. f3 a6 20. Bxa6 bxa6 21. cxd5 Nxd5 22. Qxa6+ Kd7 23. Rac1 Rc8 24. Qb5+ Ke7 25. Rc4 Rxc4 26. Qxc4 Qe3+ 27. Kh1 Rb8 28. g5 Qxg5 29. f4 Qg2+ 30. Kxg2 Ne3+ 31. Kf2 Nxc4 32. b3 Nd6 33. Rc1 Kd7 34. Ke3 Nf5+ 35. Ke4 Rb4 36. Rd1 Kd6 37. Rd2 Ne7 38. Kd3 Nd5 39. Kc2 Nxf4 40. a3 Rb7 41. Rf2 Nd5 42. b4 Rc7+ 43. Kb2 f5 44. Rf3 f4 45. Kb3 g5 46. h3 h5 47. a4 g4 48. hxg4 hxg4 49. Rf1 g3 50. b5 g2 51. Rg1 f3 52. b6 Nxb6 53. a5 Nd5 54. a6 f2 55. Rxg2 f1Q 56. Rb2 Qc4+ 57. Ka3 Qxa6+ 58. Kb3 Rc3# 0-1

[Event "Vereza Causse op"]
[Site "Saint Pantaleon de Larche"]
[Date "2018.06.24"]
[Round "6.1"]
[White "Maache, Jawad"]
[Black "Prie, Eric"]
[Result "0-1"]
[WhiteElo "2118"]
[BlackElo "2489"]
[PlyCount "95"]
[EventDate "2018.07.??"]
[EventType "swiss (rapid)"]
[EventRounds "7"]
[EventCountry "FRA"]
[SourceTitle "EXT 2020"]
[Source "ChessBase"]
[SourceDate "2019.10.17"]
[SourceVersion "1"]
[SourceVersionDate "2019.10.17"]
[SourceQuality "1"]

1. d4 Nf6 2. Nc3 d5 3. Bf4 a6 4. e3 e6 5. a3 b6 6. g4 Bb7 7. g5 Ne4 8. Nxe4 dxe4 9. Bg2 Bd6 10. Qg4 Bxf4 11. Qxf4 Qd6 12. Qh4 Qd5 13. Ne2 h6 14. g6 f5 15. Nf4 Qd6 16. 0-0 Nd7 17. c4 Qe7 18. Qg3 0-0 19. f3 Nf6 20. Ne2 Nh5 21. Qh3 Qg5 22. fxe4 Bxe4 23. Kh1 Bxg2+ 24. Qxg2 Qxg2+ 25. Kxg2 Rf6 26. Nf4 Nxf4+ 27. exf4 Rxg6+ 28. Kf3 Rd8 29. Rad1 Kf7 30. Rfe1 Rg4 31. h3 Rh4 32. Kg3 g5 33. Rf1 Kf6 34. d5 Rxf4 35. Rxf4 gxf4+ 36. Kxf4 e5+ 37. Kf3 Rg8 38. d6 Ke6 39. dxc7 Rc8 40. Rg1 Kf7 41. Re1 Kf6 42. Rd1 Rxc7 43. Rd6+ Kg5 44. Rxb6 Rxc4 45. Rxa6 e4+ 46. Ke3 f4+ 47. Kd2 Rc8 48. Re6 0-1

[Event "FRA-ch U14"]
[Site "Gonfreville"]
[Date "2016.04.14"]
[Round "6.6"]
[White "Tomasi, Albert"]
[Black "Maache, Jawad"]
[Result "1-0"]
[WhiteElo "2212"]
[BlackElo "1989"]
[PlyCount "105"]
[EventDate "2016.04.22"]
[EventType "swiss"]
[EventRounds "9"]
[EventCountry "FRA"]
[SourceTitle "EXT 2019"]
[Source "ChessBase"]
[SourceDate "2018.10.10"]
[SourceVersion "1"]
[SourceVersionDate "2018.10.10"]
[SourceQuality "1"]

1. e4 d5 2. exd5 Qxd5 3. Nc3 Qa5 4. d4 Nf6 5. Bd2 Bg4 6. Nf3 e6 7. h3 Bxf3 8. Qxf3 c6 9. Bd3 Nbd7 10. 0-0 Be7 11. Rfe1 0-0 12. Rad1 Qb6 13. Bc1 Rfd8 14. b3 Bb4 15. Bb2 a5 16. Na4 Qc7 17. c3 Bd6 18. c4 Rab8 19. Nc3 Bb4 20. a4 e5 21. Qg3 Re8 22. Re2 Nh5 23. Qh4 g6 24. dxe5 Nxe5 25. Rde1 Be7 26. Nd5 cxd5 27. Bxe5 Bxh4 28. Bxc7 Rxe2 29. Rxe2 Rc8 30. Bd6 dxc4 31. Bxc4 Bf6 32. g4 Ng7 33. Kg2 Re8 34. Kf3 Rxe2 35. Kxe2 Ne8 36. Bf4 Kf8 37. Bd5 b6 38. Kd3 Bd8 39. Kc4 Nc7 40. Be3 Na6 41. Kb5 Nc7+ 42. Kc6 Na6 43. Bc4 Nc5 44. Bf4 Ne4 45. Bc7 Bxc7 46. Kxc7 Nxf2 47. Kxb6 Nxh3 48. Kxa5 h5 49. Kb6 hxg4 50. a5 g3 51. Bf1 Nf4 52. a6 Nd5+ 53. Kb7 1-0

[Event "FRA-ch U14"]
[Site "Gonfreville"]
[Date "2016.04.13"]
[Round "5.7"]
[White "Maache, Jawad"]
[Black "Chargelegue, Thomas"]
[Result "1/2-1/2"]
[WhiteElo "1989"]
[BlackElo "2095"]
[PlyCount "114"]
[EventDate "2016.04.22"]
[EventType "swiss"]
[EventRounds "9"]
[EventCountry "FRA"]
[SourceTitle "EXT 2019"]
[Source "ChessBase"]
[SourceDate "2018.10.10"]
[SourceVersion "1"]
[SourceVersionDate "2018.10.10"]
[SourceQuality "1"]

1. d4 Nf6 2. c4 g6 3. f3 Nc6 4. e4 e5 5. dxe5 Nxe5 6. Be3 Bg7 7. Nc3 0-0 8. Qd2 d6 9. 0-0-0 Be6 10. b3 a5 11. Bd3 a4 12. Nge2 axb3 13. axb3 c6 14. Kb2 Qa5 15. Ra1 Qb4 16. Kc2 b5 17. Rxa8 Rxa8 18. Rb1 Nfd7 19. cxb5 Nc5 20. Bxc5 dxc5 21. bxc6 Nxc6 22. Qe1 Qa3 23. Qc1 Nb4+ 24. Kd2 Bxb3 25. Qxa3 Rxa3 26. Rc1 c4 27. Bb1 Ra7 28. Ke3 Rd7 29. f4 Bf8 30. g3 Bc5+ 31. Kf3 Nd3 32. Rf1 Nb4 33. Rc1 Rd2 34. e5 Nd3 35. Rf1 Ba7 36. Nb5 Bc5 37. Nbc3 Ba7 38. Nb5 Bb6 39. Nbd4 Bxd4 40. Nxd4 Nc5 41. Nxb3 cxb3 42. h3 b2 43. h4 Na4 44. Rg1 Nc3 45. Ke3 Rd7 46. Rf1 Nd5+ 47. Ke4 Rc7 48. Kxd5 Rc1 49. Rf2 Rxb1 50. Rd2 Rg1 51. Rxb2 Rxg3 52. Rb8+ Kg7 53. Rb7 Rd3+ 54. Ke4 Rd1 55. Kf3 Rf1+ 56. Kg3 Re1 57. Kf2 Re4 1/2-1/2

[Event "FRA-ch U12"]
[Site "Montbeliard"]
[Date "2014.04.25"]
[Round "7"]
[White "Maache, Jawad"]
[Black "Lux, Hugo de Melo"]
[Result "0-1"]
[WhiteElo "1739"]
[BlackElo "1889"]
[PlyCount "118"]
[EventDate "2014.04.21"]
[EventType "swiss"]
[EventRounds "9"]
[EventCountry "FRA"]
[SourceTitle "CBM 160 Extra"]
[Source "ChessBase"]
[SourceDate "2014.07.01"]
[SourceVersion "1"]
[SourceVersionDate "2014.07.01"]
[SourceQuality "1"]

1. d4 d5 2. c4 dxc4 3. e3 Nf6 4. Bxc4 e6 5. Nf3 c5 6. Nc3 Nc6 7. dxc5 Qxd1+ 8. Kxd1 Bxc5 9. Ke2 a6 10. a4 b6 11. Bd2 Bb7 12. Rhd1 Ke7 13. Rac1 Rac8 14. Bd3 Nb4 15. Bb1 Rhd8 16. Na2 Nfd5 17. Nc3 Nxc3+ 18. Bxc3 Rxd1 19. Rxd1 g6 20. Ne5 Rc7 21. Nf3 Bd5 22. Rc1 Bc4+ 23. Ke1 Bd5 24. Ke2 Bd6 25. Rd1 Bc4+ 26. Ke1 Nd5 27. Bc2 Nxc3 28. bxc3 Bd5 29. Rd3 Bc4 30. Rd1 Bd5 31. Rd3 f5 32. h3 Be4 33. Rd2 Rxc3 34. Bxe4 fxe4 35. Ng5 Bb4 36. Ke2 Ra3 37. Rc2 Rxa4 38. Nxe4 Bd6 39. Kf3 Ra5 40. Rc6 Rf5+ 41. Ke2 Bc5 42. Nxc5 bxc5 43. Rxa6 Rd5 44. Ra7+ Rd7 45. Rxd7+ Kxd7 46. Kd3 Kd6 47. Kc4 e5 48. g3 e4 49. g4 g5 50. Kc3 Kd5 51. Kb3 Kc6 52. Kc4 h6 53. Kc3 Kb5 54. Kb3 c4+ 55. Kc3 Kc5 56. Kc2 Kb4 57. Kb2 c3+ 58. Kc2 Kc4 59. Kc1 Kd3 0-1

[Event "Wch U10"]
[Site "Al Ain"]
[Date "2013.12.24"]
[Round "8"]
[White "Maache, Jawad"]
[Black "Delroy, Singh"]
[Result "1/2-1/2"]
[WhiteElo "1687"]
[BlackElo "1449"]
[PlyCount "50"]
[EventDate "2013.12.18"]
[EventType "swiss"]
[EventRounds "11"]
[EventCountry "UAE"]
[SourceTitle "CBM 158 Extra"]
[Source "ChessBase"]
[SourceDate "2014.02.28"]
[SourceVersion "1"]
[SourceVersionDate "2014.02.28"]
[SourceQuality "1"]

1. d4 Nf6 2. c4 e6 3. Nc3 c5 4. d5 exd5 5. cxd5 d6 6. e4 g6 7. f3 Bg7 8. Be3 0-0 9. Nge2 Re8 10. Ng3 Nbd7 11. Be2 Ne5 12. h3 a6 13. a4 Rf8 14. f4 Ned7 15. 0-0 Ne8 16. Bd3 Nc7 17. Qd2 Rb8 18. e5 dxe5 19. fxe5 Bxe5 20. Nge4 Bd4 21. Kh1 Bxe3 22. Qxe3 f5 23. Nxc5 Nb6 24. Qd4 Be6 25. Nxe6 Nxe6 1/2-1/2

[Event "Wch U10"]
[Site "Al Ain"]
[Date "2013.12.23"]
[Round "7"]
[White "Kairzhan, Adilkhan"]
[Black "Maache, Jawad"]
[Result "0-1"]
[WhiteElo "1312"]
[BlackElo "1687"]
[PlyCount "86"]
[EventDate "2013.12.18"]
[EventType "swiss"]
[EventRounds "11"]
[EventCountry "UAE"]
[SourceTitle "CBM 158 Extra"]
[Source "ChessBase"]
[SourceDate "2014.02.28"]
[SourceVersion "1"]
[SourceVersionDate "2014.02.28"]
[SourceQuality "1"]

1. e4 d5 2. exd5 Qxd5 3. Nc3 Qa5 4. Nf3 Nf6 5. Bc4 Bf5 6. d3 e6 7. Bd2 c6 8. Qe2 Qb6 9. 0-0 Be7 10. Rfe1 0-0 11. a4 a5 12. Qe5 Nbd7 13. Qe2 Bc5 14. Be3 Bg4 15. Rab1 Bxe3 16. Qxe3 Qxe3 17. fxe3 Bxf3 18. gxf3 Ne5 19. Kf2 Nxc4 20. dxc4 Rfd8 21. Ke2 Rd7 22. Red1 Rad8 23. Rd3 Kf8 24. b4 axb4 25. Rxb4 Ke7 26. a5 Ra8 27. Rxd7+ Nxd7 28. Rxb7 Rxa5 29. Ne4 f5 30. Nc3 h6 31. Kd2 g5 32. Rb1 Ne5 33. Ke2 Ra7 34. Rb4 h5 35. c5 g4 36. fxg4 hxg4 37. Na4 Kf6 38. Nb6 Rh7 39. Rb2 Rxh2+ 40. Kf1 g3 41. Nc8 g2+ 42. Kf2 Nf3 43. Kxf3 g1Q 0-1

[Event "Wch U10"]
[Site "Al Ain"]
[Date "2013.12.21"]
[Round "5"]
[White "Mohammad Fahad, Rahman"]
[Black "Maache, Jawad"]
[Result "1-0"]
[WhiteElo "2028"]
[BlackElo "1687"]
[PlyCount "57"]
[EventDate "2013.12.18"]
[EventType "swiss"]
[EventRounds "11"]
[EventCountry "UAE"]
[SourceTitle "CBM 158 Extra"]
[Source "ChessBase"]
[SourceDate "2014.02.28"]
[SourceVersion "1"]
[SourceVersionDate "2014.02.28"]
[SourceQuality "1"]

1. c4 c6 2. d4 d5 3. cxd5 cxd5 4. Nc3 Nf6 5. Bf4 Nc6 6. e3 a6 7. a3 Bf5 8. Nf3 Rc8 9. Bd3 Bxd3 10. Qxd3 e6 11. 0-0 Bd6 12. Bxd6 Qxd6 13. Rfc1 0-0 14. b4 e5 15. dxe5 Nxe5 16. Nxe5 Qxe5 17. Na4 Ng4 18. g3 Qh5 19. h4 Rfd8 20. Nc5 Rc7 21. Nb3 Re7 22. Nd4 g5 23. Nf3 Ne5 24. Nxe5 gxh4 25. Nc4 hxg3 26. fxg3 Qf3 27. Rc2 Kh8 28. Qd4+ f6 29. Rf1 1-0